Policy in high places : (Record no. 19311)

000 -LEADER
fixed length control field 00627cam a2200181 a 4500
020 ## - INTERNATIONAL STANDARD BOOK NUMBER
ISBN 9291152331
040 ## - CATALOGING SOURCE
Transcribing agency DLC
082 00 - DEWEY DECIMAL CLASSIFICATION NUMBER
Classification number 333 ICI 2000 C165 Or.
100 1# - MAIN ENTRY--AUTHOR NAME
Personal name Blaikie, Piers M.
245 10 - TITLE STATEMENT
Title Policy in high places :
Remainder of title environment and development in the Himalayan Region /
260 ## - PUBLICATION, DISTRIBUTION, ETC. (IMPRINT)
Place of publication Kathmandu :
Name of publisher International Centre for Integrated Mountain Development,
Year of publication c2000.
300 ## - PHYSICAL DESCRIPTION
Number of Pages 209 p. :
Other physical details col. ill., col. map ;
Dimensions 25 cm.
650 #0 - SUBJECT ADDED ENTRY--TOPICAL TERM
Topical Term Economic development
650 #0 - SUBJECT ADDED ENTRY--TOPICAL TERM
Topical Term Environmental policy
700 1# - ADDED ENTRY--PERSONAL NAME
Personal name Sadeque, Syed Zahir.
710 2# - ADDED ENTRY--CORPORATE NAME
Corporate name or jurisdiction name as entry element International Centre for Integrated Mountain Development.
942 ## - ADDED ENTRY ELEMENTS (KOHA)
Koha item type ADB
952 ## - LOCATION AND ITEM INFORMATION (KOHA)
Withdrawn status [LOCAL, KOHA] 0
Holdings
Source of acquisition Permanent Location Date acquired Koha item type Lost status Shelving location Current Location Full call number
A33702Library Block C2020-09-22សៀវភៅភាសាអង់គ្លេស C164Library Block C333 ICI 2000 C165 Or.
មជ្ឈមណ្ឌលឯការនៃសាកលវិទ្យាល័យភូមិន្ទកសិកម្មចំការដូង

Powered by Koha